000 00778nam a2200229 i 4500
001 bg
245 0 0 _aNumerical recipes [Dokument elektroniczny] :
_bthe art of scientific computing /
_cWilliam H. Press [et al].
260 _aCambridge :
_bCambridge University Press,
_c1997.
300 _a1 dysk optyczny [CD-ROM].
500 _aWymagania systemowe: napęd CD-ROM, Windows 3.1, 95 lub NT.
650 9 _aFortran 77
_xprogramowanie
650 9 _aAnaliza numeryczna
700 1 _aPRESS, William H.
020 _a0521576083
040 _cBPK
041 0 _aen
080 _a004.438Fortran:519.61/.64
920 _a0-521-57608-3
942 _cCD
008 s pl f |000 0 pol
999 _c24016
_d24016
856 _uhttp://koha.tu.koszalin.pl/cgi-bin/koha/opac-detail.pl?biblionumber=24016
_yKatalog online BPK